15 Seconds - Days of the Week - English - Statistics

General Stats
  • This quiz has been taken 55 times
  • The average score is 6 of 7
Answer Stats
Answer % Correct
Monday
100%
Tuesday
88%
Wednesday
88%
Thursday
80%
Friday
76%
Saturday
76%
Sunday
76%
No matching quizzes found
Score Distribution
Percent of People with Each Score
Percentile by Number Answered
Your Score History
You have not taken this quiz